000 00230nam a2200097Ia 4500
008 240331s9999 xx 000 0 und d
082 _bBES
100 _aBest, S
245 0 _aPost modern theory :
_bcritical Interrogations
942 _cL
999 _c2107
_d2107